00774 2200289 4500001002100000005001500021035002000036007000300056008004100059020002200100082000800122084001400130100001500144245004600159250001400205260004500219300002100264650002100285505010300306990000900409990000900418990000900427990000900436990001300445990001300458990001300471INLIS00000000000762820241212060356 a0010-1221000126ta241212 g 1 ind  a978-602-032-682-5 a813 a813 ALM t0 aAlma Katsu1 aTHE RECKONING :bPembalasan /cAlma Katsu acet. 2016 aJakarta :bGramedia Pustaka Utama,c2016 a520 hlm ;c20 cm 4aFiksi Indonesia adalam buku kedua dari trilogi ini. dikisahkan perjalanan Lanore Mcllvrea bersama Dr. Luke Findley. a4557 a4558 a4559 a4560 a022.7052 a022.7053 a022.7051